[Event "Titled Tue 26th Aug Early"]
[Site "chess.com INT"]
[Date "2025.08.26"]
[Round "2"]
[White "Szpar, Milosz"]
[Black "Al-Tarboush, Ward"]
[Result "1-0"]
[WhiteTitle "GM"]
[BlackTitle "FM"]
[WhiteElo "2490"]
[BlackElo "2224"]
[WhiteFideId "1184989"]
[BlackFideId "7601450"]
[EventDate "2025.08.26"]

1. e4 e6 2. d4 d5 3. Nc3 Nf6 4. Bg5 dxe4 5. Nxe4 Be7 6. Bxf6 gxf6 7. Nf3 f5 8.
Nc3 a6 9. g3 b5 10. Bg2 Bb7 11. O-O O-O 12. Ne2 Nd7 13. Qd2 Re8 14. Rad1 Nf6 15.
Qg5+ Kh8 16. Ne5 Rf8 17. Bxb7 Ne4 18. Qh5 Nd6 19. Bxa8 Qxa8 20. d5 exd5 21. Nd4
Bf6 22. Nd7 Bxd4 23. Nxf8 Qe8 24. Qxh7# 1-0

[Event "Titled Tue 26th Aug Early"]
[Site "chess.com INT"]
[Date "2025.08.26"]
[Round "2"]
[White "Gabrielian, Artur"]
[Black "Karunasena, A P Chenitha Sihas Dinsara"]
[Result "1-0"]
[WhiteTitle "GM"]
[BlackTitle "CM"]
[WhiteElo "2407"]
[BlackElo "2026"]
[WhiteFideId "4131002"]
[BlackFideId "29982596"]
[EventDate "2025.08.26"]

1. Nf3 Nf6 2. g3 d5 3. Bg2 e6 4. O-O c5 5. c4 Nc6 6. d4 Be7 7. cxd5 exd5 8. dxc5
Bxc5 9. a3 O-O 10. b4 Bb6 11. Bb2 Be6 12. Nc3 Rc8 13. Na4 Bc7 14. Nc5 b6 15.
Nxe6 fxe6 16. Rc1 Qd6 17. Bh3 Bb8 18. Ng5 Rce8 19. Qc2 Nd8 20. Bxf6 Rxf6 21.
Qxh7+ Kf8 22. Qh8+ Ke7 23. Qxg7+ Nf7 24. Bxe6 1-0

[Event "Titled Tue 26th Aug Early"]
[Site "chess.com INT"]
[Date "2025.08.26"]
[Round "2"]
[White "Logozar, Elijah"]
[Black "Bok, Benjamin"]
[Result "0-1"]
[BlackTitle "GM"]
[WhiteElo "1928"]
[BlackElo "2587"]
[WhiteFideId "30963788"]
[BlackFideId "1017063"]
[EventDate "2025.08.26"]

1. e4 c5 2. Nf3 d6 3. d4 cxd4 4. Nxd4 Nf6 5. Nc3 a6 6. Bc4 e6 7. Bb3 Nbd7 8. f4
Nc5 9. f5 Be7 10. Qf3 O-O 11. Be3 e5 12. Nde2 Nxb3 13. axb3 b5 14. O-O-O b4 15.
Nd5 Nxd5 16. Rxd5 Bb7 17. Rd3 a5 18. Rhd1 a4 19. bxa4 Rxa4 20. g4 b3 21. Rxb3
Bxe4 22. Qf2 Bh4 23. Qg1 Bf3 24. h3 Bxe2 0-1

[Event "Titled Tue 26th Aug Early"]
[Site "chess.com INT"]
[Date "2025.08.26"]
[Round "2"]
[White "Kona, Vidip"]
[Black "Swayham, P Das"]
[Result "1-0"]
[BlackTitle "CM"]
[WhiteElo "2145"]
[BlackElo "2047"]
[WhiteFideId "30990440"]
[BlackFideId "25611402"]
[EventDate "2025.08.26"]

1. Nf3 d5 2. c4 Nf6 3. cxd5 Nxd5 4. d4 Nf6 5. Nc3 Bf5 6. Bf4 e6 7. e3 Bd6 8. Bg3
Bg6 9. Bd3 Nc6 10. a3 O-O 11. Bxg6 hxg6 12. Qc2 Re8 13. O-O-O a6 14. Ne5 Ne7 15.
Bh4 Nf5 16. Bg5 Be7 17. g4 Nd6 18. h4 Nd5 19. Nxd5 exd5 20. Bxe7 Qxe7 21. h5 g5
22. h6 g6 23. h7+ Kg7 24. f4 f6 25. h8=Q+ Rxh8 26. Qxg6+ 1-0

[Event "Titled Tue 26th Aug Early"]
[Site "chess.com INT"]
[Date "2025.08.26"]
[Round "2"]
[White "Liu, Zachary Hankun"]
[Black "Duarte Cramer, Lily Jeanette"]
[Result "1-0"]
[BlackTitle "WCM"]
[WhiteElo "1998"]
[BlackElo "1904"]
[WhiteFideId "2640287"]
[BlackFideId "29620180"]
[EventDate "2025.08.26"]

1. e4 c5 2. Nf3 d6 3. d4 cxd4 4. Nxd4 Nf6 5. Nc3 a6 6. Bg5 e6 7. f4 Be7 8. Qf3
Qc7 9. O-O-O Nbd7 10. g4 h6 11. Bxf6 Bxf6 12. Kb1 Nb6 13. h4 Bxd4 14. Rxd4 Bd7
15. Qd3 d5 16. exd5 Nxd5 17. Nxd5 exd5 18. Qe3+ Kf8 19. Bg2 Re8 20. Qd2 Bxg4 21.
Bxd5 Be6 22. Bxe6 Rxe6 23. Rd8+ Re8 24. Qb4+ Qe7 25. Rxe8+ Kxe8 26. Re1 Qxe1+
27. Qxe1+ Kd7 28. Qg3 g6 29. Qd3+ Kc7 30. Qc3+ Kb6 31. Qxh8 Ka7 32. Qxh6 f5 33.
h5 a5 34. hxg6 a4 35. g7 a3 36. bxa3 b6 37. Qc6 Ka6 38. g8=Q Ka5 39. Qb3 b5 40.
Qcd5 Ka6 41. Qxf5 Ka5 42. Qc5 Ka6 43. Qbxb5# 1-0

[Event "Titled Tue 26th Aug Early"]
[Site "chess.com INT"]
[Date "2025.08.26"]
[Round "2"]
[White "Durarbayli, Vasif"]
[Black "Motola, Jacopo"]
[Result "1-0"]
[WhiteTitle "GM"]
[BlackTitle "FM"]
[WhiteElo "2612"]
[BlackElo "2333"]
[WhiteFideId "13402935"]
[BlackFideId "863190"]
[EventDate "2025.08.26"]

1. e4 b6 2. d4 Bb7 3. Bd3 Nf6 4. Qe2 Nc6 5. Nf3 Nb4 6. Nc3 Nxd3+ 7. Qxd3 d5 8.
e5 Ne4 9. e6 fxe6 10. Ne5 a6 11. Qh3 g6 12. Nxg6 Rg8 13. Ne5 1-0

[Event "Titled Tue 26th Aug Early"]
[Site "chess.com INT"]
[Date "2025.08.26"]
[Round "2"]
[White "Zeliantsova, Kseniya"]
[Black "Subramanian, Anusha"]
[Result "1-0"]
[WhiteTitle "WFM"]
[BlackTitle "WFM"]
[WhiteElo "2062"]
[BlackElo "2045"]
[WhiteFideId "13512617"]
[BlackFideId "477710"]
[EventDate "2025.08.26"]

1. e4 e6 2. d4 d5 3. Nc3 dxe4 4. Nxe4 Nd7 5. Nf3 Ngf6 6. Nxf6+ Nxf6 7. Bd3 c5 8.
c3 cxd4 9. Nxd4 Bd6 10. O-O O-O 11. h3 Qc7 12. Nb5 Bh2+ 13. Kh1 Qe5 14. f4 Bxf4
15. Bxf4 1-0

[Event "Titled Tue 26th Aug Early"]
[Site "chess.com INT"]
[Date "2025.08.26"]
[Round "2"]
[White "Silva, Luca"]
[Black "Advaitt Srikant Koduri"]
[Result "1-0"]
[WhiteTitle "FM"]
[BlackTitle "FM"]
[WhiteElo "2214"]
[BlackElo "2281"]
[WhiteFideId "147370"]
[BlackFideId "25185454"]
[EventDate "2025.08.26"]

1. e4 c6 2. d4 d5 3. exd5 cxd5 4. Bd3 Nc6 5. c3 Nf6 6. h3 g6 7. Nf3 Bg7 8. O-O
O-O 9. Re1 Bf5 10. Ne5 Bxd3 11. Nxd3 Ne4 12. Nd2 f5 13. Nf3 b6 14. Bf4 Kh8 15.
Nfe5 Nxe5 16. Bxe5 Rc8 17. f3 Nd6 18. Qe2 Rf7 19. Nf4 Qd7 20. Nxd5 Nc4 21. Bxg7+
Kxg7 22. Nf4 1-0

[Event "Titled Tue 26th Aug Early"]
[Site "chess.com INT"]
[Date "2025.08.26"]
[Round "2"]
[White "Ibrahimli, Murad"]
[Black "Pham, Le Thao Nguyen"]
[Result "1-0"]
[WhiteTitle "IM"]
[BlackTitle "IM"]
[WhiteElo "2445"]
[BlackElo "2348"]
[WhiteFideId "13410229"]
[BlackFideId "12401226"]
[EventDate "2025.08.26"]

1. d4 Nf6 2. c4 e6 3. Nf3 d5 4. Nc3 a6 5. cxd5 exd5 6. Bg5 c6 7. Qc2 Be7 8. e3
O-O 9. Bd3 Nbd7 10. h3 Re8 11. Bf4 Nf8 12. O-O Bd6 13. Bxd6 Qxd6 14. Rab1 Be6
15. b4 N8d7 16. a4 Nb6 17. Nd2 Nc4 18. Bxc4 dxc4 19. a5 Bd5 20. e4 Bxe4 21.
Ndxe4 Nxe4 22. Nxe4 Qxd4 23. Nc5 c3 24. Rb3 1-0

[Event "Titled Tue 26th Aug Early"]
[Site "chess.com INT"]
[Date "2025.08.26"]
[Round "2"]
[White "Mecit, Emre"]
[Black "Jin, Ashton"]
[Result "0-1"]
[WhiteElo "2007"]
[BlackElo "2196"]
[WhiteFideId "6304214"]
[BlackFideId "30931908"]
[EventDate "2025.08.26"]

1. Nf3 d5 2. g3 Nc6 3. Bg2 e5 4. O-O Nf6 5. d3 Bc5 6. c3 O-O 7. d4 Bd6 8. dxe5
Nxe5 9. Nxe5 Bxe5 10. Nd2 c6 11. Nf3 Bc7 12. Qc2 Re8 13. Rd1 Qe7 14. e3 Bg4 15.
h3 Bh5 16. c4 dxc4 17. Qxc4 Rad8 18. Bd2 Ne4 19. Bb4 Qf6 20. Rxd8 Bxd8 21. g4
Bg6 22. Rb1 Nd6 23. Qc3 Qxc3 24. Bxc3 Bxb1 0-1

[Event "Titled Tue 26th Aug Early"]
[Site "chess.com INT"]
[Date "2025.08.26"]
[Round "2"]
[White "Morozov, Egor"]
[Black "Bortnyk, Olexandr"]
[Result "0-1"]
[WhiteTitle "FM"]
[BlackTitle "GM"]
[WhiteElo "2291"]
[BlackElo "2601"]
[WhiteFideId "24102121"]
[BlackFideId "14120828"]
[EventDate "2025.08.26"]

1. e4 Nf6 2. e5 Nd5 3. d4 d6 4. Nf3 dxe5 5. Nxe5 c6 6. Be2 Bf5 7. O-O Nd7 8. Nf3
e6 9. a3 Bd6 10. c4 N5f6 11. Nc3 O-O 12. Re1 Re8 13. Nh4 Ne4 14. Nxf5 exf5 15.
Bf3 Bxh2+ 16. Kxh2 Qh4+ 17. Kg1 Qxf2+ 18. Kh2 Nxc3 19. Rxe8+ Rxe8 0-1

[Event "Titled Tue 26th Aug Early"]
[Site "chess.com INT"]
[Date "2025.08.26"]
[Round "2"]
[White "Li, Yilin"]
[Black "Venkatesh, Narayan"]
[Result "1-0"]
[WhiteTitle "WFM"]
[BlackTitle "FM"]
[WhiteElo "1921"]
[BlackElo "2218"]
[WhiteFideId "8610410"]
[BlackFideId "30987881"]
[EventDate "2025.08.26"]

1. e4 g6 2. d4 Bg7 3. Nc3 c5 4. Be3 Qb6 5. Nd5 Qd8 6. Qd2 Nc6 7. Nf3 Nf6 8.
Nxf6+ Bxf6 9. e5 Bg7 10. dxc5 Nxe5 11. Nxe5 Bxe5 12. Bd4 Bxd4 13. Qxd4 O-O 14.
Bc4 Qc7 15. O-O-O b6 16. cxb6 axb6 17. h4 d6 18. h5 b5 19. hxg6 e5 20. Qh4 Kg7
21. Qh6+ Kf6 22. g7+ Kf5 23. Qxh7+ Kf6 24. gxf8=Q Qxc4 25. Qhh6+ Kf5 26. Rh5+
Ke4 27. Rh4+ Kf5 28. Rxc4 bxc4 29. Qxf7+ Kg4 30. Qhh5# 1-0

[Event "Titled Tue 26th Aug Early"]
[Site "chess.com INT"]
[Date "2025.08.26"]
[Round "2"]
[White "Izafatava, Kira"]
[Black "Pribelszky, Bence"]
[Result "0-1"]
[WhiteTitle "WCM"]
[BlackTitle "IM"]
[WhiteElo "1945"]
[BlackElo "2428"]
[WhiteFideId "13521705"]
[BlackFideId "769738"]
[EventDate "2025.08.26"]

1. e4 c5 2. Nf3 Nf6 3. e5 Nd5 4. c4 Nb4 5. a3 N4c6 6. Nc3 d6 7. exd6 e5 8. g3
Bxd6 9. Bg2 O-O 10. O-O Bg4 11. d3 Nd4 12. h3 Bxf3 13. Bxf3 Nxf3+ 14. Qxf3 Nc6
15. Ne4 f5 16. Bg5 Qd7 17. Nc3 Nd4 18. Qd5+ Kh8 19. Be3 Nb3 20. Rae1 f4 21. Nb5
Qxh3 22. Nxd6 f3 0-1

[Event "Titled Tue 26th Aug Early"]
[Site "chess.com INT"]
[Date "2025.08.26"]
[Round "2"]
[White "Solovchuk, Oleksiy"]
[Black "Brzezina, Pawel"]
[Result "1-0"]
[BlackTitle "CM"]
[WhiteElo "2303"]
[BlackElo "2128"]
[WhiteFideId "14115220"]
[BlackFideId "21078866"]
[EventDate "2025.08.26"]

1. c4 c5 2. Nc3 Nf6 3. g3 d5 4. cxd5 Nxd5 5. Bg2 Nc7 6. Nf3 Nc6 7. Qa4 Bd7 8.
Qe4 e6 9. Ne5 Nxe5 10. Qxe5 Rb8 11. Ne4 Bc6 12. O-O b6 13. d4 Bd5 14. Bg5 f6 15.
Nxf6+ gxf6 16. Bxf6 Qd6 17. Qh5+ Kd7 18. Bxh8 Bxg2 19. Kxg2 Qd5+ 20. Qxd5+ Nxd5
21. dxc5 bxc5 22. e4 Nb4 23. Rad1+ Kc6 24. Be5 Rb7 25. a3 Na6 26. Rd8 Bg7 27.
Bxg7 Rxg7 28. Rfd1 Rb7 29. R8d6+ Kb5 30. Rxe6 1-0

[Event "Titled Tue 26th Aug Early"]
[Site "chess.com INT"]
[Date "2025.08.26"]
[Round "2"]
[White "Brancaleoni, Maurizio"]
[Black "Javakhadze, Zurab"]
[Result "0-1"]
[WhiteTitle "FM"]
[BlackTitle "IM"]
[WhiteElo "2185"]
[BlackElo "2417"]
[WhiteFideId "803022"]
[BlackFideId "13603647"]
[EventDate "2025.08.26"]

1. Nf3 d5 2. d4 Nf6 3. c4 e6 4. g3 dxc4 5. Bg2 Bb4+ 6. Bd2 c5 7. dxc5 Bxc5 8.
Qa4+ Bd7 9. Qxc4 Qb6 10. O-O Bb5 11. Qb3 Bxe2 12. Qxb6 Bxb6 13. Re1 Ba6 14. Na3
Ng4 15. Be3 Nxe3 16. fxe3 Nc6 17. Rac1 Ke7 18. Nc4 Bxc4 19. Rxc4 Rac8 20. Rec1
Bxe3+ 21. Kf1 Bxc1 22. Rxc1 Nb4 23. Rd1 Rhd8 0-1

[Event "Titled Tue 26th Aug Early"]
[Site "chess.com INT"]
[Date "2025.08.26"]
[Round "2"]
[White "Mueller, Riyanna"]
[Black "Babiarz, Arkadiusz"]
[Result "0-1"]
[WhiteTitle "WFM"]
[BlackTitle "CM"]
[WhiteElo "2079"]
[BlackElo "2172"]
[WhiteFideId "16287401"]
[BlackFideId "21804362"]
[EventDate "2025.08.26"]

1. e4 e5 2. Nf3 Nc6 3. Bc4 Nf6 4. d3 Be7 5. O-O O-O 6. Nc3 d6 7. a4 Bg4 8. h3
Bh5 9. a5 Nd4 10. g4 Qd7 11. gxh5 Qxh3 12. Nh2 c6 13. Ne2 Ng4 14. Nxg4 Nf3# 0-1

[Event "Titled Tue 26th Aug Early"]
[Site "chess.com INT"]
[Date "2025.08.26"]
[Round "2"]
[White "Owen, Garth I"]
[Black "Myagmarsuren, Evsuld"]
[Result "0-1"]
[WhiteTitle "CM"]
[BlackTitle "FM"]
[WhiteElo "1807"]
[BlackElo "2247"]
[WhiteFideId "10700382"]
[BlackFideId "1551639"]
[EventDate "2025.08.26"]

1. e4 e5 2. Nf3 Nc6 3. Bb5 Nf6 4. O-O Nxe4 5. Re1 Nd6 6. Bxc6 dxc6 7. Nxe5 Be7
8. b3 O-O 9. Bb2 Bf6 10. d4 Bf5 11. c3 Re8 12. Nd2 a5 13. a4 h6 14. Ndf3 Ne4 15.
Ra2 c5 16. Nc4 cxd4 17. Nxd4 Bg6 18. Ba1 c5 19. Nb5 Qxd1 20. Rxd1 Rad8 21. Nbd6
Nxd6 22. Rxd6 Rxd6 0-1

[Event "Titled Tue 26th Aug Early"]
[Site "chess.com INT"]
[Date "2025.08.26"]
[Round "2"]
[White "Chan, Wang Ip Boris"]
[Black "Gallasch, Jonas"]
[Result "0-1"]
[WhiteTitle "CM"]
[BlackTitle "FM"]
[WhiteElo "1934"]
[BlackElo "2304"]
[WhiteFideId "6006027"]
[BlackFideId "16222474"]
[EventDate "2025.08.26"]

1. e4 e6 2. d4 d5 3. Nc3 Nf6 4. Bg5 Bb4 5. Ne2 h6 6. Bxf6 Qxf6 7. a3 Bxc3+ 8.
Nxc3 c6 9. e5 Qe7 10. Bd3 Nd7 11. Qg4 f5 12. exf6 Nxf6 13. Bg6+ Kd8 14. Qg3 Qc7
15. O-O-O Qxg3 16. hxg3 Ng4 17. Rh4 e5 18. f3 Ne3 19. Re1 Nxg2 20. Rxe5 Nxh4 21.
gxh4 Rf8 22. Bh5 Bd7 23. Ne2 0-1

[Event "Titled Tue 26th Aug Early"]
[Site "chess.com INT"]
[Date "2025.08.26"]
[Round "2"]
[White "Vlassov, Nikolai"]
[Black "Newansa, M Esandi"]
[Result "1-0"]
[WhiteTitle "IM"]
[BlackTitle "WFM"]
[WhiteElo "2301"]
[BlackElo "1951"]
[WhiteFideId "4103360"]
[BlackFideId "9999060"]
[EventDate "2025.08.26"]

1. e4 c6 2. d4 d5 3. f3 e6 4. Nc3 Bb4 5. Bf4 Ne7 6. Qd2 Ng6 7. Bg3 h5 8. a3 h4
9. Bf2 Qa5 10. Nge2 Na6 11. O-O-O Bxa3 12. bxa3 Qxa3+ 13. Kb1 Nb4 14. Qc1 Qa5
15. Qb2 Bd7 16. Be1 c5 17. dxc5 Qxc5 18. Nxd5 Nxd5 19. exd5 Rc8 20. Bb4 Qc7 21.
dxe6 Bxe6 22. Nd4 a5 23. Bb5+ Bd7 24. Rhe1+ Ne5 25. Bxd7+ Qxd7 26. Rxe5+ Kd8 27.
Ne6+ Ke8 28. Nxg7+ Kd8 29. Rxd7+ 1-0

[Event "Titled Tue 26th Aug Early"]
[Site "chess.com INT"]
[Date "2025.08.26"]
[Round "2"]
[White "Pavlidou, Ekaterini"]
[Black "Southcott-Moyers, Indy"]
[Result "1-0"]
[WhiteTitle "WIM"]
[BlackTitle "FM"]
[WhiteElo "2217"]
[BlackElo "2276"]
[WhiteFideId "4213262"]
[BlackFideId "488542"]
[EventDate "2025.08.26"]

1. d4 d5 2. Nc3 Nf6 3. Bf4 c6 4. e3 Qb6 5. Rb1 Bf5 6. f3 Nbd7 7. g4 Bg6 8. h4 h5
9. g5 Ng8 10. Bd3 Bxd3 11. cxd3 g6 12. Nge2 Bg7 13. Na4 Qa5+ 14. Nec3 e6 15. b4
Qd8 16. Qb3 a6 17. Nc5 Qc8 18. Nxd7 Qxd7 19. Na4 Rd8 20. Nb6 Qe7 21. a4 e5 22.
dxe5 Bxe5 23. Kf2 d4 24. Rbe1 Kf8 25. Nc4 dxe3+ 26. Bxe3 Bd6 27. Bd4 Qc7 28.
Nxd6 Rxd6 29. Bxh8 Qd7 30. Qc3 1-0

[Event "Titled Tue 26th Aug Early"]
[Site "chess.com INT"]
[Date "2025.08.26"]
[Round "2"]
[White "Bahmani, Koorosh"]
[Black "Lamaze, Simon"]
[Result "0-1"]
[WhiteTitle "CM"]
[BlackTitle "IM"]
[WhiteElo "2205"]
[BlackElo "2468"]
[WhiteFideId "42576750"]
[BlackFideId "36069264"]
[EventDate "2025.08.26"]

1. Nf3 f5 2. d3 g6 3. e4 d6 4. g3 Bg7 5. Bg2 Nc6 6. O-O Nf6 7. exf5 Bxf5 8. d4
O-O 9. Re1 d5 10. Bf4 Ne4 11. c3 Qd7 12. Nbd2 Rae8 13. Qb3 e6 14. Ng5 Nxd2 15.
Bxd2 Na5 16. Qd1 Nc4 17. Bc1 h6 18. Nf3 Be4 19. b3 Nd6 20. Ne5 Bxe5 21. dxe5
Bxg2 22. Kxg2 Nf5 23. Bf4 g5 24. Be3 b6 25. Qd3 c5 26. Rad1 Qh7 27. Bc1 Rf7 28.
f4 g4 29. Rh1 Rg7 30. Rdg1 Nh4+ 0-1

[Event "Titled Tue 26th Aug Early"]
[Site "chess.com INT"]
[Date "2025.08.26"]
[Round "2"]
[White "Alonso Rosell, Alvar"]
[Black "Raptis, Nick"]
[Result "1-0"]
[WhiteTitle "GM"]
[BlackTitle "FM"]
[WhiteElo "2536"]
[BlackElo "2220"]
[WhiteFideId "2270544"]
[BlackFideId "2016850"]
[EventDate "2025.08.26"]

1. d4 Nf6 2. c4 g6 3. Nf3 d6 4. g3 Bg7 5. Bg2 O-O 6. Nc3 Nc6 7. d5 Na5 8. b3 c5
9. Bb2 a6 10. O-O Rb8 11. Nd2 b5 12. Qc1 bxc4 13. bxc4 Bd7 14. Rb1 Bh6 15. f4
Ng4 16. Nd1 Ba4 17. Qc3 Nf6 18. Nf2 Bg7 19. Qa3 e6 20. Qxa4 1-0

[Event "Titled Tue 26th Aug Early"]
[Site "chess.com INT"]
[Date "2025.08.26"]
[Round "2"]
[White "Aarav Sarbalia"]
[Black "Lisenkov, Svyatoslav"]
[Result "1-0"]
[WhiteTitle "FM"]
[BlackTitle "FM"]
[WhiteElo "2232"]
[BlackElo "2343"]
[WhiteFideId "33382859"]
[BlackFideId "34264183"]
[EventDate "2025.08.26"]

1. e4 c5 2. Nf3 e6 3. b3 Nc6 4. Bb2 a6 5. c4 Nf6 6. e5 Ng4 7. g3 Qc7 8. Bg2
Ngxe5 9. Nxe5 Nxe5 10. O-O Nc6 11. Re1 d6 12. Nc3 Bd7 13. Nd5 Qa5 14. Bc3 Nb4
15. a3 Qd8 16. axb4 cxb4 17. Bxb4 g6 18. Bc3 e5 19. d4 Bg7 20. dxe5 dxe5 21.
Rxe5+ Bxe5 22. Bxe5 O-O 23. Nf6+ Kh8 24. Nxd7+ f6 25. Nxf6 Qe7 26. Ng4+ Kg8 27.
Nh6# 1-0

[Event "Titled Tue 26th Aug Early"]
[Site "chess.com INT"]
[Date "2025.08.26"]
[Round "2"]
[White "Araujo Filho, Luiz Antonio Coel"]
[Black "Reimanis, Ritvars"]
[Result "0-1"]
[BlackTitle "IM"]
[WhiteElo "2077"]
[BlackElo "2355"]
[WhiteFideId "2130661"]
[BlackFideId "11602988"]
[EventDate "2025.08.26"]

1. d4 Nf6 2. Nf3 e6 3. e3 d5 4. Bd3 Bd6 5. Nbd2 O-O 6. Qe2 c5 7. c3 Nc6 8. dxc5
Bxc5 9. e4 e5 10. O-O d4 11. Nb3 Bb6 12. cxd4 Nxd4 13. Nfxd4 Bxd4 14. Nxd4 Qxd4
15. Be3 Qb4 16. f3 Be6 17. a3 Qa4 18. Rac1 Rac8 19. Bb5 Qb3 20. Bxa7 Nh5 21. Be3
Nf4 22. Bxf4 exf4 23. Bd3 g5 24. Bb1 Bc4 25. Qd1 Qe3+ 26. Kh1 Bxf1 0-1

[Event "Titled Tue 26th Aug Early"]
[Site "chess.com INT"]
[Date "2025.08.26"]
[Round "2"]
[White "Kuznetsov, Felix"]
[Black "Xiong, Jeffery"]
[Result "0-1"]
[WhiteTitle "FM"]
[BlackTitle "GM"]
[WhiteElo "2171"]
[BlackElo "2650"]
[WhiteFideId "34147990"]
[BlackFideId "2047640"]
[EventDate "2025.08.26"]

1. e4 c5 2. Nf3 d6 3. d4 Nf6 4. Nc3 cxd4 5. Nxd4 a6 6. Be3 Nbd7 7. Qd2 b5 8. f3
h5 9. O-O-O Bb7 10. h4 Rc8 11. Bg5 g6 12. g3 Bg7 13. Bh3 Rc7 14. Nd5 Nxd5 15.
exd5 Ne5 16. Rhe1 O-O 17. Qe2 Bxd5 18. f4 Nc4 19. Bxe7 Rxe7 20. Qxe7 Qa5 0-1

[Event "Titled Tue 26th Aug Early"]
[Site "chess.com INT"]
[Date "2025.08.26"]
[Round "2"]
[White "Firouzja, Alireza"]
[Black "Ruperez Benito, Antonio"]
[Result "1-0"]
[WhiteTitle "GM"]
[BlackTitle "FM"]
[WhiteElo "2766"]
[BlackElo "2328"]
[WhiteFideId "12573981"]
[BlackFideId "22245049"]
[EventDate "2025.08.26"]

1. e4 e6 2. d4 d5 3. Nc3 Bb4 4. e5 c5 5. a3 Bxc3+ 6. bxc3 Qa5 7. Bd2 Qa4 8. Qg4
Kf8 9. Qd1 Nc6 10. Nf3 b6 11. dxc5 bxc5 12. c4 Ba6 13. cxd5 Bxf1 14. Kxf1 Qc4+
15. Kg1 Qxd5 16. Be3 Nge7 17. Qxd5 Nxd5 18. Bxc5+ Ke8 19. h4 h5 20. Kh2 Rc8 21.
c4 Nb6 22. Bxb6 axb6 23. Rhb1 Ke7 24. Rxb6 Na5 25. Rb5 Ra8 26. c5 Rhc8 27. a4
Ra7 28. Nd4 Nc4 29. a5 Nxe5 30. a6 Rca8 31. Rb7+ Kf6 32. Rxa7 Rxa7 33. Nb5 Ra8
34. a7 Nc6 35. Ra6 Nb4 36. Nc7 1-0

[Event "Titled Tue 26th Aug Early"]
[Site "chess.com INT"]
[Date "2025.08.26"]
[Round "2"]
[White "Kuznecova, Marija"]
[Black "Zmijanac, Dusko"]
[Result "1-0"]
[WhiteTitle "WFM"]
[BlackTitle "FM"]
[WhiteElo "2207"]
[BlackElo "2014"]
[WhiteFideId "11618736"]
[BlackFideId "908762"]
[EventDate "2025.08.26"]

1. e4 Nf6 2. e5 Nd5 3. d4 d6 4. Nf3 Bg4 5. Be2 e6 6. c4 Nb6 7. O-O Be7 8. Nc3
O-O 9. exd6 cxd6 10. h3 Bh5 11. b3 N8d7 12. Bb2 Nf6 13. Rc1 Rc8 14. a4 a6 15.
Qd2 Re8 16. Rfe1 Nbd7 17. b4 Qc7 18. c5 d5 19. b5 axb5 20. axb5 Bg6 21. b6 Qb8
22. Nb5 Ne4 23. Qe3 Ndf6 24. Ne5 h6 25. Nxg6 fxg6 26. Bd3 g5 27. f3 Ng3 28.
Qxe6+ Kh8 29. Nc7 Rxc7 30. bxc7 Qxc7 31. Qb6 Qf4 32. Qxb7 Bd8 33. Rxe8+ Nxe8 34.
Re1 Nf6 35. Qf7 Ng8 36. Qxf4 gxf4 37. c6 Bc7 38. Re8 g5 39. Rc8 Bd6 40. c7 Kg7
41. Rxg8+ 1-0

[Event "Titled Tue 26th Aug Early"]
[Site "chess.com INT"]
[Date "2025.08.26"]
[Round "2"]
[White "Souleidis, Georgios"]
[Black "Andreikin, Dmitry"]
[Result "0-1"]
[WhiteTitle "IM"]
[BlackTitle "GM"]
[WhiteElo "2418"]
[BlackElo "2695"]
[WhiteFideId "4206827"]
[BlackFideId "4158814"]
[EventDate "2025.08.26"]

1. e4 c5 2. Be2 Nc6 3. f4 d5 4. d3 h5 5. Nf3 Nf6 6. e5 Ng4 7. c3 Nh6 8. Na3 Bg4
9. Be3 e6 10. Bf2 Bxf3 11. Bxf3 g5 12. fxg5 Qxg5 13. d4 cxd4 14. cxd4 Bb4+ 15.
Kf1 Ng4 16. Nc2 Nxf2 17. Kxf2 Ba5 18. Qd3 Bb6 19. Rad1 Nxe5 20. Qb5+ Kf8 21.
Rhe1 Rc8 22. Ne3 Qh4+ 23. Kg1 Nxf3+ 24. gxf3 Rg8+ 25. Kh1 Qf2 26. Qe2 Rg1+ 27.
Rxg1 Qxe2 0-1

[Event "Titled Tue 26th Aug Early"]
[Site "chess.com INT"]
[Date "2025.08.26"]
[Round "2"]
[White "Bashirli, Saadat"]
[Black "Bachmann, Axel"]
[Result "0-1"]
[WhiteTitle "WCM"]
[BlackTitle "GM"]
[WhiteElo "1941"]
[BlackElo "2578"]
[WhiteFideId "13429990"]
[BlackFideId "3700488"]
[EventDate "2025.08.26"]

1. d4 Nf6 2. e3 b6 3. f4 Bb7 4. Nf3 c5 5. Bd3 g6 6. O-O Bg7 7. c3 O-O 8. Nbd2 d6
9. Qe2 Nbd7 10. e4 cxd4 11. cxd4 e5 12. fxe5 dxe5 13. d5 Nc5 14. Bc2 Ba6 15. Nc4
Rc8 16. b3 Ne8 17. Bb2 Nd6 18. Rfd1 Qe7 19. Rac1 f5 20. exf5 gxf5 21. Nfxe5 Bxc4
22. bxc4 Rfe8 23. Re1 Nd7 24. Ba4 Nxe5 25. Bxe8 Rxe8 26. Bxe5 Bxe5 27. Qh5 Bd4+
28. Kf1 Ne4 29. Qh6 Qd6 30. Qxd6 Nd2# 0-1